Statystyki dla Największe miasta w państwach byłego ZSRR

Kliknij tutaj aby rozwiązać quiz!

Ogólne statystyki

  • Ten quiz został rozwiązany 265 razy
  • Średni wynik to 8 z 14

Statystyki odpowiedzi

Liczba ludnościMiasta% Poprawnych
12 200 000Moskwa
100%
2 930 000Kijów
94%
5 320 300Petersburg
90%
1 970 000Mińsk
87%
1 450 000Charków
73%
2 260 000Baku
58%
1 140 000Tbilisi
53%
1 130 000Erywań
50%
1 140 000Kazań
40%
1 580 000Nowosybirsk
39%
2 310 000Taszkent
36%
1 263 873Niżny Nowogród
33%
1 170 000Samara
28%
1 340 000Jekaterynburg
27%

Rozkład punktacji

Percentyl według liczby udzielonych odpowiedzi

Procent ludzi z każdym wynikiem

Twoja historia wyników

Nie rozwiązałeś tego quizu